[Event "Bratto op-B 27th"]
[Site "Bratto"]
[Date "2007.08.30"]
[Round "7"]
[White "Dorati, Giuseppe"]
[Black "Trussardi, Giuseppe"]
[Result "1/2-1/2"]
[WhiteElo "1715"]
[BlackElo "1702"]
[PlyCount "46"]
[EventDate "2007.08.24"]
[EventType "swiss"]
[EventRounds "8"]
[EventCountry "ITA"]
[SourceTitle "CBM 120 Extra"]
[Source "ChessBase"]
[SourceDate "2007.11.01"]
[SourceVersion "1"]
[SourceVersionDate "2007.11.01"]
[SourceQuality "1"]

1. e4 d6 2. d4 Nf6 3. Nc3 c6 4. f3 Nbd7 5. Be3 e5 6. Qd2 Be7 7. g4 0-0 8. 0-0-0 Qa5 9. Kb1 b5 10. Nd5 Qd8 11. Nxe7+ Qxe7 12. dxe5 dxe5 13. Qc3 Bb7 14. g5 Nh5 15. Bh3 Rfd8 16. Ne2 b4 17. Rxd7 Rxd7 18. Qb3 Rdd8 19. Bg4 Nf4 20. Nxf4 exf4 21. Bxf4 Bc8 22. Bxc8 Raxc8 23. h4 c5 1/2-1/2